000 00404nam a2200133Ia 4500
008 220216s9999 xx 000 0 und d
100 _aHalimahton M
245 0 _aAntifungal activity of pyrolytic oils of tar from rubberwood (Hevea brasiliensis) pyrolysis
260 _bJournal of Tropical Forest Science
_c1992
300 _a294-302
500 _aCAB CD 1993-94
700 _aRasadah M A
942 _cBO
999 _c47798
_d47798